[Event "Hostan Open"]
[Site "Znojmo CZE"]
[Date "2004.05.18"]
[Round "4"]
[White "Schuettler,T"]
[Black "Zawadzka,J"]
[Result "1/2-1/2"]
[WhiteElo "2046"]
[BlackElo "2236"]

1.d4 Nf6 2.Nf3 g6 3.c4 Bg7 4.Nc3 d6 5.e4 O-O 6.Be2 e5 7.O-O Nc6 8.d5 Ne7
9.b4 a5 10.bxa5 c5 11.Ne1 h6 12.Bd2 Rxa5 13.g4 Ne8 14.f3 Ra6 15.h3 f5 16.Ng2 Kh8
17.Rb1 Ng8 18.Qb3 Bf6 19.Na4 Rf7 20.Nb6 f4 21.Rb2 h5 22.Rfb1 Rh7 23.Qc3 g5  1/2-1/2

[Event "ch-URU"]
[Site "Montevideo URU"]
[Date "2004.05.19"]
[Round "7"]
[White "Izquierdo,D"]
[Black "Muniz,R"]
[Result "1/2-1/2"]
[WhiteElo "2307"]
[BlackElo "2233"]

1.d4 Nf6 2.Nf3 g6 3.c4 Bg7 4.Nc3 O-O 5.e4 d6 6.Be2 e5 7.O-O Nc6 8.d5 Ne7
9.b4 a5 10.bxa5 Nd7 11.Nd2 f5 12.Ba3 Rxa5 13.Bb4 Ra8 14.a4 Bh6 15.Nb3 fxe4
16.Nxe4 Nf5 17.a5 Qh4 18.Qd3 Nf6 19.Nxf6+ Rxf6 20.g3 Qh3 21.c5 Bd7 22.Qe4 Ne7
23.Bd2 Raf8 24.Qg2 Kg7 25.cxd6 cxd6 26.Bxh6+ Qxh6 27.h4 g5 28.h5 g4 29.Rac1 Ba4
30.Rc7 R8f7 31.Nc1 Qxh5 32.Rxb7 Rh6 33.a6 Bc2 34.Rb4 Ng6 35.Rxg4 e4 36.Re1 Qxd5
37.Bf1 Qd2 38.Rgxe4 Bxe4 39.Rxe4 Ne5 40.Rxe5 dxe5  1/2-1/2

[Event "29th Elekes Mem IM"]
[Site "Budapest HUN"]
[Date "2004.05.20"]
[Round "6"]
[White "Orso,M"]
[Black "Berube,R"]
[Result "1-0"]
[WhiteElo "2350"]
[BlackElo "2193"]

1.c4 Nf6 2.Nc3 g6 3.e4 d6 4.d4 Bg7 5.Be2 O-O 6.Nf3 e5 7.O-O Nc6 8.d5 Ne7
9.b4 c6 10.Nd2 cxd5 11.cxd5 Ne8 12.Kh1 f5 13.f3 Kh8 14.a4 f4 15.Nc4 Ng8 16.Bd2 g5
17.g4 fxg3 18.hxg3 Nh6 19.Kg2 Qf6 20.Ne3 Nf7 21.g4 Kg8 22.Nf5 Nh8 23.Qc1 h6
24.Rh1 Ng6 25.Ra2 Bxf5 26.exf5 Nf4+ 27.Kf1 Qd8 28.Rc2 Nf6 29.Be3 Kh7 30.a5 Rc8
31.Bxa7 N6xd5 32.Nxd5 Nxd5 33.Rxc8 Qxc8 34.Kf2 e4 35.fxe4 Nc3 36.Bd3 Qc6
37.Qxg5 Nxe4+ 38.Bxe4 Qxe4 39.Rxh6+ Bxh6 40.Qg6+ Kh8 41.Qxh6+ Kg8 42.Qg6+ Kh8
43.Qxd6 Qc2+ 44.Kf3 Qb3+ 45.Kf4 Qf7 46.Bd4+ Kh7 47.b5 Kg8 48.Qe5 Kh7 49.Kf3 Qd7
50.Qh2+ Kg8 51.Qh8+ Kf7 52.Qh5+ Ke7 53.Bc5+ Kd8 54.Bxf8 Qd3+ 55.Kf4 Qd2+
56.Ke5 Qc3+ 57.Ke6 Qc4+ 58.Kf6 Qxb5 59.Qf7 Qc6+ 60.Qe6 Qc3+ 61.Kf7 b5 62.Be7+ Kc7
63.a6 b4 64.Qd6+  1-0

[Event "29th Elekes Mem IM"]
[Site "Budapest HUN"]
[Date "2004.05.20"]
[Round "6"]
[White "Petran,Pa"]
[Black "Werner,Di"]
[Result "1-0"]
[WhiteElo "2386"]
[BlackElo "2362"]

1.d4 Nf6 2.c4 g6 3.Nc3 Bg7 4.e4 O-O 5.Nf3 d6 6.Be2 e5 7.O-O Nc6 8.d5 Ne7
9.Nd2 Ne8 10.b4 f5 11.c5 Nf6 12.a4 Kh8 13.f3 g5 14.Nc4 g4 15.fxg4 dxc5 16.bxc5 fxe4
17.d6 cxd6 18.g5 Ne8 19.cxd6 Ng6 20.Nxe4 Be6 21.Ba3 Rf4 22.Rxf4 exf4 23.Rb1 b6
24.Bb2 Rc8 25.Bxg7+ Nxg7 26.Qd4 Rc5 27.Nxc5  1-0

[Event "Victor Syre Open"]
[Site "Issy les Moulineaux FRA"]
[Date "2004.05.20"]
[Round "1"]
[White "Bouton,C"]
[Black "Hombourger,R"]
[Result "1-0"]
[WhiteElo "2132"]
[BlackElo "2000"]

1.d4 Nf6 2.c4 g6 3.Nc3 Bg7 4.e4 d6 5.Nf3 O-O 6.Be2 e5 7.O-O Nc6 8.d5 Ne7
9.b4 Ne8 10.c5 f5 11.Nd2 Nf6 12.a4 f4 13.Ba3 g5 14.Nc4 Ng6 15.b5 Ne8 16.b6 axb6
17.cxb6 Rf7 18.bxc7 Rxc7 19.f3 Bf8 20.Rb1 Bd7 21.Qb3 h5 22.Nb6 Rac8 23.Nxc8 Bxc8
24.Qb6 Qf6 25.Nb5 Rh7 26.Na7 Bd7 27.Bb5 Bxb5 28.Nxb5 g4 29.Rbc1 Nh4 30.Rc8 gxf3
31.Rxe8  1-0

[Event "Victor Syre Open"]
[Site "Issy les Moulineaux FRA"]
[Date "2004.05.20"]
[Round "2"]
[White "Duffau,P"]
[Black "Mascle,J"]
[Result "0-1"]
[WhiteElo "2125"]
[BlackElo "1966"]

1.d4 Nf6 2.c4 g6 3.Nc3 Bg7 4.e4 d6 5.Nf3 O-O 6.Be2 e5 7.O-O Nc6 8.d5 Ne7
9.b4 Ne8 10.Nd2 f5 11.f3 a5 12.Ba3 f4 13.c5 axb4 14.Bxb4 dxc5 15.Bxc5 Nd6
16.Nc4 b6 17.Nxd6 bxc5 18.Nxc8 Nxc8 19.d6 Qxd6 20.Qb3+ Kh8 21.Rfd1 Qb6 22.Qxb6 Nxb6
23.a4 Ra5 24.Bb5 h5 25.Rd2 Bf6 26.Rad1 Be7 27.Bc6 Bd6 28.Nb5 Nc4 29.Ra2 g5
30.Nxd6 cxd6 31.Bb5 Ne3 32.Rxd6 c4 33.Ra3 Kg7 34.Rc3 Rc8 35.Kf2 Kf7 36.g3 Ke7
37.Rd7+ Ke6 38.Rd2 Rc7 39.Ke1 Ra8 40.Kf2 g4 41.gxf4 exf4 42.Rc1 c3 43.Rd4 c2
44.Rb4 Rd8 45.Be2 Rd1 46.Rb6+ Ke7 47.Bxd1 cxd1=N+  0-1

[Event "Victor Syre Open"]
[Site "Issy les Moulineaux FRA"]
[Date "2004.05.21"]
[Round "4"]
[White "Guerin,F"]
[Black "Lebrun,X"]
[Result "1-0"]
[WhiteElo "2145"]
[BlackElo "2227"]

1.d4 Nf6 2.c4 g6 3.Nc3 Bg7 4.e4 d6 5.Nf3 O-O 6.Be2 e5 7.O-O Nc6 8.d5 Ne7
9.b4 Nh5 10.Re1 Nf4 11.Bxf4 exf4 12.Rc1 a5 13.a3 axb4 14.axb4 h6 15.Nd4 c6
16.c5 dxc5 17.bxc5 cxd5 18.exd5 Nxd5 19.Ncb5 Qa5 20.Bc4 Rd8 21.Nb3 Ne3 22.Nxa5 Nxd1
23.Rexd1 Rxd1+ 24.Rxd1 Bg4 25.f3 Rxa5 26.fxg4 Bf8 27.Rd5 Ra4 28.Bf1 Ra1 29.Nd6 Rb1
30.h4 Rb2 31.Bc4 Rc2 32.Bb5 Be7 33.Be8 Bxh4  1-0

[Event "Summer I"]
[Site "Alushta UKR"]
[Date "2004.05.22"]
[Round "14"]
[White "Pavlov,Ma"]
[Black "Svirjov,I"]
[Result "0-1"]
[WhiteElo "2451"]
[BlackElo "2450"]

1.e4 g6 2.d4 Bg7 3.c4 d6 4.Nc3 Nf6 5.Be2 O-O 6.Nf3 e5 7.O-O Nc6 8.d5 Ne7
9.Nd2 Ne8 10.b4 f5 11.c5 Nf6 12.f3 f4 13.Nc4 g5 14.Ba3 Ne8 15.b5 Ng6 16.b6 axb6
17.cxb6 cxb6 18.Rb1 h5 19.Qb3 g4 20.Nxb6 Qg5 21.Kh1 Nh4 22.Nxc8 Rxc8 23.Rg1 Rf7
24.Rbc1 Bf8 25.Nb5 Rxc1 26.Bxc1 Rg7 27.Qd1 Nf6 28.a4 Qg6 29.Qe1 g3 30.h3 Ng4
31.fxg4 hxg4 32.Bf1 gxh3 33.gxh3 f3 34.Be3 Qxe4 35.Bf2 g2+ 36.Kh2 Qf4+ 37.Bg3 f2
38.Qxf2 Qxf2  0-1

[Event "Summer II"]
[Site "Alushta UKR"]
[Date "2004.05.24"]
[Round "4"]
[White "Derjabin,I"]
[Black "Babaev,Ra"]
[Result "0-1"]
[WhiteElo "2391"]
[BlackElo "2413"]

1.d4 Nf6 2.c4 g6 3.Nc3 Bg7 4.e4 d6 5.Nf3 O-O 6.Be2 e5 7.O-O Nc6 8.d5 Ne7
9.Ne1 Nd7 10.Be3 f5 11.f3 f4 12.Bf2 g5 13.b4 Nf6 14.c5 Ng6 15.Rc1 Rf7 16.cxd6 cxd6
17.Nb5 h5 18.Nxa7 Bd7 19.a4 g4 20.Nb5 Bxb5 21.Bxb5 g3 22.hxg3 fxg3 23.Bxg3 h4
24.Bf2 Nh5 25.Nc2 Bh6 26.Ne3 Bxe3 27.Bxe3 Ngf4 28.Rc2 Qg5 29.Bxf4 Nxf4 30.Qc1 Rg7
31.Rc8+ Kh7 32.g4 hxg3 33.Rxa8 Qh4  0-1

[Event "XII Guillermo Garcia Prem II"]
[Site "Santa Clara CUB"]
[Date "2004.05.27"]
[Round "7"]
[White "Soppe,G"]
[Black "De la Paz,F"]
[Result "1/2-1/2"]
[WhiteElo "2421"]
[BlackElo "2449"]

1.d4 Nf6 2.c4 g6 3.Nc3 Bg7 4.e4 d6 5.Nf3 O-O 6.Be2 e5 7.O-O Nc6 8.d5 Ne7
9.Bg5 Nh5 10.Ne1 Nf4 11.Nd3 Nxe2+ 12.Qxe2 f6 13.Bd2 g5 14.g4 Ng6 15.Nd1 Nf4
16.Nxf4 exf4 17.f3 c6 18.Bc3 c5 19.Nf2 Re8 20.Qc2 Qb6 21.Kg2 Bd7 22.a4 a5
23.h4 Re7 24.Rh1 Be8 25.Rae1 Bg6 26.h5 Be8 27.h6 Bh8 28.b3 Bg6 29.Qb2 Re5  1/2-1/2

[Event "TCh-BIH"]
[Site "Neum BIH"]
[Date "2004.05.30"]
[Round "2"]
[White "Bogut,Z"]
[Black "Brenjo,S"]
[Result "0-1"]
[WhiteElo "2400"]
[BlackElo "2464"]

1.Nf3 Nf6 2.d4 g6 3.c4 Bg7 4.Nc3 O-O 5.e4 d6 6.Be2 e5 7.O-O Nc6 8.d5 Ne7
9.b4 a5 10.Ba3 axb4 11.Bxb4 Nd7 12.a4 Nc5 13.Nd2 f5 14.a5 Nxe4 15.Ncxe4 fxe4
16.Nxe4 Nf5 17.c5 Rf7 18.cxd6 cxd6 19.Bg4 Bf8 20.Rb1 h5 21.Bh3 Qh4 22.Re1 Nd4
23.Bxc8 Rxc8 24.Bd2 Qg4 25.Qxg4 hxg4 26.Kf1 Rc2 27.Rec1 Ra2 28.Rc8 Nf5 29.Rb8 g3
30.h3 gxf2 31.Bg5 Rxa5 32.g4 Ra4 33.gxf5 Rxe4 34.fxg6 Rf5 35.Bh6 Rh4 36.Bxf8 Rxf8
37.Rxf8+ Kxf8 38.Rxb7 Rxh3 39.Rd7 Rf3 40.Rxd6 e4 41.Re6 e3 42.d6 Rg3 43.Rf6+ Kg7
44.d7 Rg1+ 45.Ke2 Re1+ 46.Kd3 Rd1+  0-1

[Event "3rd ACP Blitz Prelim1"]
[Site "playchess.com INT"]
[Date "2004.05.31"]
[Round "14"]
[White "Lobron,E"]
[Black "Golubev,M"]
[Result "1-0"]
[WhiteElo "2493"]
[BlackElo "2532"]

1.d4 Nf6 2.Nf3 d6 3.c4 g6 4.Nc3 Bg7 5.e4 O-O 6.Be2 e5 7.O-O Nc6 8.d5 Ne7
9.b4 Nh5 10.a4 Nf4 11.a5 h6 12.Bd2 Nxe2+ 13.Qxe2 f5 14.Rac1 g5 15.exf5 Bxf5
16.Ne4 Bg4 17.Rc3 Ng6 18.h3 Bf5 19.Rd1 Nf4 20.Bxf4 exf4 21.Rcc1 Qe7 22.Re1 Rae8
23.Nfd2 Qf7 24.Qf3 Qg6 25.c5 g4 26.hxg4 Bxg4 27.Qd3 f3 28.g3 Bf5 29.Re3 Re5
30.Rd1 Rfe8 31.cxd6 cxd6 32.Rde1 R5e7 33.Qc4 a6 34.b5 axb5 35.Qb4 Kh8 36.Qxd6 Qxd6
37.Nxd6 Rxe3 38.Rxe3 Rxe3 39.fxe3 Bd3 40.Kf2 b4 41.Nxb7 Bc3 42.Nc5 Bb5 43.Ndb3 Kg7
44.a6 Bxa6 45.Nxa6 Kf6 46.Kxf3 Ke5 47.e4 h5 48.Nac5 Kd6 49.Nd3 Bg7 50.Na5 Bf6
51.Nc4+ Kd7 52.e5 Bd8 53.Nxb4 h4 54.gxh4 Bxh4 55.Ke4 Bg3 56.e6+ Ke7 57.Nc6+ Kf6
58.N4e5  1-0

[Event "3rd ACP Blitz Prelim1"]
[Site "playchess.com INT"]
[Date "2004.05.31"]
[Round "18"]
[White "Nielsen,PH"]
[Black "Golubev,M"]
[Result "1-0"]
[WhiteElo "2628"]
[BlackElo "2532"]

1.d4 Nf6 2.c4 g6 3.Nc3 Bg7 4.e4 d6 5.Nf3 O-O 6.Be2 e5 7.O-O Nc6 8.d5 Ne7
9.Ne1 Nd7 10.Be3 f5 11.f3 f4 12.Bf2 g5 13.a4 a5 14.Nd3 b6 15.Be1 Nf6 16.Nf2 h5
17.h3 Kh8 18.b4 Neg8 19.bxa5 bxa5 20.c5 Nh6 21.Nb5 Rf7 22.cxd6 cxd6 23.Rc1 Bf8
24.Qc2 Ne8 25.Qb3 Rg7 26.Rc6 Bd7 27.Bd2 Bxc6 28.dxc6 Qb6 29.Rc1 g4 30.fxg4 Be7
31.Qe6 Nf6 32.c7 Kh7 33.g5 Rxg5 34.Qxe7+ Kg6 35.Qxd6 Qb7 36.Rc6 Ng8 37.Bc4 Kh7
38.Bxg8+ Nxg8 39.Qd7+ Rg7 40.Qf5+ Kh8 41.Qxh5+  1-0

[Event "57th ch-RUS Qualifier"]
[Site "Tomsk RUS"]
[Date "2004.05.31"]
[Round "9"]
[White "Korotylev,A"]
[Black "Inarkiev,E"]
[Result "1/2-1/2"]
[WhiteElo "2565"]
[BlackElo "2595"]

1.d4 Nf6 2.c4 g6 3.Nc3 Bg7 4.e4 d6 5.Be2 O-O 6.Nf3 e5 7.O-O Nc6 8.d5 Ne7
9.Nd2 c5 10.Rb1 Ne8 11.b4 b6 12.bxc5 bxc5 13.Nb3 f5 14.Bg5 h6 15.Bd2 Kh8
16.f3 f4 17.Nb5 Rf6 18.g4 g5 19.Ba5 Qd7 20.Nd2 h5 21.h3 Ng6 22.Qa4 Qe7 23.Nc3 Rf7
24.Rb2 Bf8 25.Rfb1 Bd7 26.Qd1 Rh7 27.Nf1 hxg4 28.hxg4 Rh3 29.Bd3 Qh7 30.Rh2 Rxh2
31.Nxh2 Nf6 32.Rb2 Be7 33.Nb1 Kg7 34.Nd2 Rh8 35.Ndf1 Bc8 36.Be1 Qh3 37.Qe2 Nh4
38.Rb3 Bd8 39.Rb2 Bc7 40.Rb3 Kf7 41.Rb2 Ng6 42.Rb3 Qh7 43.Qb2 Qg8 44.Qa3 a6
45.Qc1 Rh3 46.Be2 Nh4 47.Bd1 Qh7 48.Qc2 Qh8  1/2-1/2

[Event "FSGM June"]
[Site "Budapest HUN"]
[Date "2004.06.05"]
[Round "1"]
[White "Nagle,S"]
[Black "Karatorossian,D"]
[Result "1/2-1/2"]
[WhiteElo "2375"]
[BlackElo "2401"]

1.Nf3 Nf6 2.c4 g6 3.Nc3 Bg7 4.e4 d6 5.d4 O-O 6.Be2 e5 7.O-O Nc6 8.d5 Ne7
9.b4 a5 10.Ba3 axb4 11.Bxb4 Nd7 12.a4 Bh6 13.Nb5 f5 14.exf5 Nxf5 15.Nd2 Nc5
16.Nb3 Nxb3 17.Qxb3 Bd7 18.Bc3 c6 19.dxc6 bxc6 20.c5+ d5 21.Bxe5 Qe7 22.Qb2 Rae8
23.Bd6 Nxd6 24.Nxd6 Qxe2 25.Qxe2 Rxe2 26.a5 Bg7 27.Ra4 Ra8 28.a6 Ra7 29.h3 Bf5
30.g4 Bd3 31.Ra3 Bxa6 32.Nc8 Rc7 33.Nd6 Bb5 34.Rd1 Bf8 35.Ra8 Rce7 36.Rd4 g5
37.h4 h6 38.Kg2 Rf7 39.Nxf7 Kxf7 40.Ra7+ Kf6 41.Ra3 Bxc5 42.Rf3+ Kg7 43.Rd1 Re4
44.hxg5 Rxg4+ 45.Kh3 Rxg5 46.Rc1 Bd4 47.Re1 Rh5+ 48.Kg4 Rg5+ 49.Kh3 Rh5+
50.Kg4 Rg5+ 51.Kh3  1/2-1/2

[Event "Dake Mem"]
[Site "McMinnville USA"]
[Date "2004.06.05"]
[Round "1"]
[White "Golod,V"]
[Black "Raptis,N"]
[Result "1-0"]
[WhiteElo "2552"]
[BlackElo "2262"]

1.d4 Nf6 2.c4 g6 3.Nc3 Bg7 4.e4 O-O 5.Nf3 d6 6.Be2 e5 7.O-O Nc6 8.d5 Ne7
9.b4 a5 10.Ba3 Nd7 11.bxa5 Rxa5 12.Bb4 Ra8 13.a4 Re8 14.a5 c5 15.dxc6 Nxc6
16.Bxd6 Rxa5 17.Nd5 Rxa1 18.Qxa1 Nf6 19.Bc7 Qd7 20.Bb6 Nxe4 21.Rd1 Rf8 22.Qb1 f5
23.Bd3 Nf6 24.Bc5 Re8 25.Bc2 Nxd5 26.cxd5 Nd4 27.Nxd4 exd4 28.Qb4 Re2 29.Bd3 Ra2
30.Bb5 Qf7 31.h3 Bd7 32.Re1 Bf6 33.Bd3 Be8 34.Qb6 Ra8 35.Bc4 Bd8 36.Qb2 Rc8
37.Rxe8+ Qxe8 38.d6+ Kg7 39.Bxd4+ Kh6 40.Bg7+ Kh5 41.Be2+ Kh4 42.Bf6+ g5
43.Qd4+ Qe4 44.Qxe4+ fxe4 45.Kh2  1-0

[Event "Summer III"]
[Site "Alushta UKR"]
[Date "2004.06.13"]
[Round "9"]
[White "Tishin,D"]
[Black "Abbasov,F"]
[Result "1/2-1/2"]
[WhiteElo "2372"]
[BlackElo "2435"]

1.d4 Nf6 2.c4 g6 3.Nc3 Bg7 4.e4 d6 5.Nf3 O-O 6.Be2 e5 7.O-O Nc6 8.d5 Ne7
9.b4 a5 10.Ba3 Nd7 11.bxa5 b6 12.Nd2 Rxa5 13.Bb4 Ra8  1/2-1/2

[Event "8th Open"]
[Site "Voronezh RUS"]
[Date "2004.06.16"]
[Round "5"]
[White "Ulko,J"]
[Black "Smirnov,Alexey"]
[Result "1-0"]
[WhiteElo "2472"]
[BlackElo "2317"]

1.d4 Nf6 2.c4 g6 3.Nc3 Bg7 4.e4 d6 5.Nf3 O-O 6.Be2 e5 7.O-O Nc6 8.d5 Ne7
9.b4 a5 10.Ba3 axb4 11.Bxb4 Nd7 12.a4 f5 13.Ng5 Nc5 14.Bxc5 dxc5 15.Qb3 Ra6
16.a5 Bf6 17.Ne6 Bxe6 18.dxe6 Qc8 19.Rfb1 b6 20.Nd5 Rxa5 21.Rxa5 bxa5 22.Qb7 Qxe6
23.Qxc7 fxe4 24.Rb7 Rf7 25.Rb6 Nxd5 26.Qb8+ Rf8 27.Qxf8+  1-0

[Event "XVIII Open"]
[Site "Pula CRO"]
[Date "2004.06.21"]
[Round "2"]
[White "Tratar,M"]
[Black "Hrbolka,L sr"]
[Result "1-0"]
[WhiteElo "2452"]
[BlackElo "2228"]

1.d4 g6 2.Nf3 Nf6 3.c4 Bg7 4.Nc3 O-O 5.e4 d6 6.Be2 e5 7.O-O Nc6 8.d5 Ne7
9.Nd2 a5 10.a3 Nd7 11.Rb1 f5 12.b4 Kh8 13.Qc2 axb4 14.axb4 Nf6 15.f3 c6 16.Rf2 cxd5
17.cxd5 f4 18.Nc4 g5 19.g4 Ne8 20.b5 Bd7 21.Bd2 Nc8 22.Na4 Rf6 23.Be1 h5
24.h3 Rh6 25.Rh2 b6 26.Bf2 Rb8 27.Kg2 Nf6 28.Rhh1 Be8 29.Ncb2 Bg6 30.Nc3 Ne7
31.Nc4 Nc8 32.Ra1 Nd7 33.Na2 Qf6 34.Nb4 hxg4 35.hxg4 Rxh1 36.Rxh1+ Kg8 37.Qa2 Nc5
38.Nc6  1-0

[Event "XVIII Open"]
[Site "Pula CRO"]
[Date "2004.06.23"]
[Round "6"]
[White "De Jong,JW"]
[Black "Markidis,K"]
[Result "1-0"]
[WhiteElo "2244"]
[BlackElo "2381"]

1.d4 Nf6 2.c4 g6 3.Nc3 Bg7 4.e4 d6 5.Nf3 O-O 6.Be2 e5 7.O-O Nc6 8.d5 Ne7
9.b4 Nh5 10.Re1 f5 11.Ng5 Nf6 12.Bf3 c6 13.Qb3 h6 14.Ne6 Bxe6 15.dxe6 Qc8
16.c5 fxe4 17.cxd6 exf3 18.dxe7 Re8 19.Bb2 Rxe7 20.Rxe5 Qc7 21.Ree1 fxg2
22.h3 Rae8 23.Rad1 Qf4 24.Ne2 Qh4 25.Rd4 Qg5 26.Ng3 Qb5 27.Rf4 Nd5 28.Rfe4 Bxb2
29.a4 Qb6 30.Qxb2 Rf8 31.Qd2 Kh7 32.Rh4 g5 33.Qc2+ Kg7 34.Nf5+ Rxf5 35.Qxf5 gxh4
36.Re4 Nf6 37.Rf4 Ng8 38.Rg4+ Kh8 39.Qf8  1-0

[Event "Summer IV"]
[Site "Alushta UKR"]
[Date "2004.06.25"]
[Round "11"]
[White "Evdokimov,Alexa"]
[Black "Kuznetsov,Vi2"]
[Result "0-1"]
[WhiteElo "2495"]
[BlackElo "2375"]

1.d4 Nf6 2.c4 g6 3.Nc3 Bg7 4.e4 d6 5.Nf3 O-O 6.Be2 e5 7.O-O Nc6 8.d5 Ne7
9.b4 Nh5 10.Re1 f5 11.Ng5 Nf6 12.Bf3 c6 13.Rb1 cxd5 14.cxd5 h6 15.Ne6 Bxe6
16.dxe6 fxe4 17.Nxe4 Nxe4 18.Bxe4 d5 19.Bc2 Qb6 20.Qe2 e4 21.Bb3 Rf5 22.Rf1 Kh7
23.Be3 Qxe6 24.Rfd1 b6 25.Qa6 Qd7 26.Ba4 Qd8 27.Qb7 Rb8 28.Qd7 Qxd7 29.Bxd7 Rff8
30.Rbc1 Be5 31.Bd4 Bxd4 32.Rxd4 Kg7 33.b5 Kf6 34.Rc7 Ke5 35.Ra4 Ra8 36.g3 Kd6
37.Rb7 Rfb8 38.Rxb8 Rxb8 39.Rxa7 d4 40.Kf1 Rd8 41.Bg4 h5 42.Bh3 Nd5 43.a4 d3
44.Ke1 Kc5 45.Kd2 Rf8 46.f4 Kd4 47.Rd7 e3+ 48.Ke1 d2+ 49.Kd1 Re8 50.Bf1 Rc8  0-1

[Event "2nd Infineon IM"]
[Site "Budapest HUN"]
[Date "2004.06.25"]
[Round "1"]
[White "Petran,Pa"]
[Black "Nagle,S"]
[Result "0-1"]
[WhiteElo "2386"]
[BlackElo "2375"]

1.d4 g6 2.c4 Bg7 3.Nc3 d6 4.Nf3 Nf6 5.e4 O-O 6.Be2 e5 7.O-O Nc6 8.d5 Ne7
9.Nd2 a5 10.a3 Ne8 11.Rb1 f5 12.b4 axb4 13.axb4 Kh8 14.c5 c6 15.Nc4 fxe4
16.Bg5 Bf6 17.Bh6 Bg7 18.Bg5 Bf6 19.Bxf6+ Nxf6 20.dxc6 Nxc6 21.Nxd6 Nd4 22.Bc4 Ng4
23.Ncxe4 Ra3 24.f3 Ne3 25.Qc1 Nxc4 26.Qxc4 Be6  0-1

[Event "St John Uni"]
[Site "New York USA"]
[Date "2004.06.26"]
[Round "8"]
[White "Bonin,J"]
[Black "Kurniawan,B"]
[Result "1-0"]
[WhiteElo "2341"]
[BlackElo "2371"]

1.d4 Nf6 2.Nf3 g6 3.c4 Bg7 4.Nc3 O-O 5.e4 d6 6.Be2 e5 7.O-O Nc6 8.d5 Ne7
9.Nd2 Ne8 10.b4 f5 11.c5 Nf6 12.f3 f4 13.Nc4 g5 14.a4 h5 15.Ba3 Ne8 16.b5 b6
17.cxd6 cxd6 18.Bb4 Rb8 19.a5 Rf6 20.axb6 axb6 21.Na4 Bd7 22.Ncxb6 Rxb6 23.Ba5 Nc8
24.Rc1 Rg6 25.Rxc8 Qxc8 26.Bxb6 g4 27.Kh1 g3 28.Qc1 Qa8 29.Qc4 gxh2 30.Rc1 h4
31.Bf1 Bf6 32.Bf2 h3 33.gxh3 Qd8 34.Nb6 Bh4 35.Nxd7 Bxf2 36.Qc8 Qe7 37.Rc7 Kh8
38.Nf6 Qxc7 39.Qxe8+ Kg7 40.Nd7 Qc1 41.Qf8+ Kh7 42.Qf7+ Kh6 43.Qf8+ Kh5 44.Qh8+ Rh6
45.Qe8+ Kh4 46.Qe7+ Kg3 47.Qg5+ Kxf3 48.Qg4+ Kxe4 49.Qe2+ Kxd5 50.Qa2+ Ke4
51.Qxf2 Kf5 52.b6 Rg6 53.Kxh2 Qc6 54.Bd3+ e4 55.Qf3 Rg3 56.Qh5+ Ke6 57.Qe8+ Kf5
58.Qf7+ Kg5 59.Qf6+ Kh5 60.Qf5+ Kh6 61.Qxf4+  1-0

[Event "2nd Infineon IM"]
[Site "Budapest HUN"]
[Date "2004.06.27"]
[Round "3"]
[White "Alfred,N"]
[Black "Nagle,S"]
[Result "0-1"]
[WhiteElo "2356"]
[BlackElo "2375"]

1.d4 Nf6 2.Nf3 g6 3.c4 Bg7 4.Nc3 O-O 5.e4 d6 6.Be2 e5 7.O-O Nc6 8.d5 Ne7
9.b4 Nh5 10.Re1 f5 11.Ng5 Nf6 12.Bf3 c6 13.Be3 h6 14.Ne6 Bxe6 15.dxe6 fxe4
16.Nxe4 Nxe4 17.Bxe4 d5 18.cxd5 cxd5 19.Bc2 b6 20.Qg4 e4 21.Rad1 Qc7 22.Bb3 Rf5
23.Re2 Rd8 24.b5 h5 25.Qh3 Kh7 26.Bc1 Qc5 27.Rc2 Qxb5 28.Rc7 Qb4 29.Rxa7 Qc5
30.Qe3 d4 31.Qxe4 Re5 32.Qd3 b5 33.Rd7 Nc6 34.Bf4 Rxd7 35.exd7 Re7 36.Bc2 Re6
37.Bc7 Qe7 38.Qxb5 Qxd7 39.Qxh5+ Kg8 40.Qh3 Nb4 41.Bb3 Nd5 42.Ba5 Bf6 43.Qf3 Kg7
44.Bxd5 Re5 45.Bc6 Qe7 46.Rb1 Qc5 47.Bd2 Qc2 48.Rb7+ Be7 49.g3 Qxd2 50.Kg2 Qe1
51.Rb5 Re6 52.Qd3 Rxc6 53.Qxd4+ Rf6 54.Rb3 Qe6 55.Re3 Qf7 56.Re2 Qf8 57.h4 Bc5
58.Qc3 Kh7 59.f3 Ra6 60.Rb2 Qe7 61.Rb8 Rxa2+ 62.Kh3 Qe6+ 63.g4 Rh2+ 64.Kxh2 Qe2+
65.Kg3 Bd6+ 66.f4 Bxb8 67.Qb4 Qe3+ 68.Kg2 Bxf4 69.Qb7+ Kh6 70.Qf3 Qd2+ 71.Qf2 Qd6
72.Kh3 Qc7 73.Kg2 Kg7 74.Kh3 Be5 75.Kg2 Qb7+ 76.Qf3 Qb2+ 77.Qf2 Qa1 78.Qf3 Bd4
79.Kh3 Qb2 80.Qg2 Qb3+ 81.Qg3 Qc2 82.Qg2 Qxg2+ 83.Kxg2 Kh6 84.Kf3 Bc3 85.Kf2 Bb4
86.Kf3 Be1 87.h5 g5 88.Ke4 Kg7 89.Kf5 Bd2 90.Ke6 Bb4 91.Kf5 Be7 92.Ke6 Bf6
93.Kd6 Kf7 94.Kd7 Be5 95.Kd8 Ke6 96.Ke8 Kd5 97.Kf7 Ke4 98.Ke6 Kf4 99.h6 Bb2  0-1

[Event "2nd Infineon IM"]
[Site "Budapest HUN"]
[Date "2004.06.27"]
[Round "3"]
[White "Petran,Pa"]
[Black "Werner,Di"]
[Result "1/2-1/2"]
[WhiteElo "2386"]
[BlackElo "2362"]

1.d4 Nf6 2.c4 g6 3.Nc3 Bg7 4.e4 O-O 5.Nf3 d6 6.Be2 e5 7.O-O Nc6 8.d5 Ne7
9.b4 Nh5 10.Re1 Nf4 11.Bxf4 exf4 12.Rc1 h6 13.h3 g5 14.Nh2 a5 15.b5 Ng6 16.Bg4 Ne5
17.Ne2 Nxg4 18.hxg4 Bb2 19.Rc2 Qf6 20.Qd3 Be5 21.Rd1 h5 22.Qf3 hxg4 23.Nxg4 Qh8
24.Qh3 b6 25.f3 Re8 26.Kf2 Qxh3 27.gxh3 Bxg4 28.fxg4 Kg7 29.Ng1 Bf6 30.Re2 Re7
31.Nf3 Rae8 32.Rde1 Bc3 33.Nxg5 Bxe1+ 34.Rxe1 Rh8 35.Kf3 Kf6 36.Kxf4 Re5
37.Nf3 Rxh3 38.g5+ Rxg5 39.Nxg5 Rh4+ 40.Ke3 Kxg5 41.Rg1+ Kf6 42.Rg8 Ke7 43.Rc8 Kd7
44.Rf8 Ke7 45.Rc8  1/2-1/2

[Event "2nd Infineon IM"]
[Site "Budapest HUN"]
[Date "2004.06.30"]
[Round "6"]
[White "Nagle,S"]
[Black "Bindrich,F"]
[Result "0-1"]
[WhiteElo "2375"]
[BlackElo "2253"]

1.Nf3 Nf6 2.c4 g6 3.Nc3 Bg7 4.e4 d6 5.d4 O-O 6.Be2 e5 7.O-O Nc6 8.d5 Ne7
9.b4 a5 10.Ba3 b6 11.bxa5 Nh5 12.Re1 f5 13.Nd2 Nf6 14.Bd3 Bh6 15.Nb3 Ng4
16.Be2 Nf6 17.Bf3 g5 18.exf5 Nxf5 19.g3 bxa5 20.Nb5 Bd7 21.Bb2 a4 22.Nd2 Rb8
23.Bc3 Bxb5 24.cxb5 Rxb5 25.Qxa4 Rc5 26.Bb4 Rxd5 27.Bxd5+ Nxd5 28.Qb3 Qa8
29.Bc3 Kh8 30.Bb2 g4 31.Nc4 Bg7 32.Re4 Nf4 33.Rxf4 exf4 34.Bxg7+ Nxg7 35.Re1 Re8
36.Rxe8+ Qxe8 37.gxf4 Qe1+ 38.Kg2 Qe4+ 39.Kg1 Ne6 40.Ne3 Kg7 41.Qc3+ Kf7
42.f5 Qb1+ 43.Nf1 Qxf5 44.a4 c5 45.Qb3 Qe4 46.Ne3 Kf6 47.Qb8 d5 48.Qd6 Qb1+
49.Kg2 Qe4+ 50.Kg1 d4 51.Nd5+ Kf5 52.Ne7+ Kg5 53.Nd5 Qe1+ 54.Kg2 Qe4+ 55.Kg1 Qb1+
56.Kg2 Qf5 57.a5 Kh4 58.Qg3+ Kg5 59.Qd6 Qe4+ 60.Kg1 Qe1+ 61.Kg2 Qe4+ 62.Kg1 d3
63.Qe7+ Kh6 64.Qf6+ Kh5 65.Ne3 Ng5 66.Ng2 d2 67.Nf4+ Qxf4 68.Qxf4 Nh3+  0-1

[Event "ch-BEL"]
[Site "Westerlo BEL"]
[Date "2004.07.03"]
[Round "1"]
[White "Van der Stricht,G"]
[Black "Sadkowsky,D"]
[Result "1-0"]
[WhiteElo "2422"]
[BlackElo "2329"]

1.d4 Nf6 2.c4 g6 3.Nc3 Bg7 4.e4 d6 5.Nf3 O-O 6.Be2 e5 7.O-O Nc6 8.d5 Ne7
9.b4 Nh5 10.Re1 f5 11.Ng5 Nf6 12.Bf3 c6 13.Qb3 h6 14.Ne6 Bxe6 15.dxe6 fxe4
16.Nxe4 Nxe4 17.Bxe4 Qc8 18.Rd1 Rd8 19.b5 Qxe6 20.Ba3 Kh7 21.Rd2 Rd7 22.Rad1 Rad8
23.Qa4 cxb5 24.cxb5 Nc8 25.Bd5 Qf6 26.Qe4 b6 27.Rd3 Bf8 28.Bc1 h5 29.Rh3 Kh8
30.Rf3 Qg7 31.Bg5 Be7 32.Rf7 Bxg5 33.Rxg7 Kxg7 34.h4 Be7 35.Rd3 Bf8 36.Be6  1-0

[Event "TCh-GRE"]
[Site "Aghia Pelagia GRE"]
[Date "2004.07.06"]
[Round "3"]
[White "Izoria,Z"]
[Black "Kotronias,V"]
[Result "1-0"]
[WhiteElo "2593"]
[BlackElo "2608"]

1.Nf3 Nf6 2.c4 g6 3.Nc3 Bg7 4.e4 d6 5.d4 O-O 6.Be2 e5 7.O-O Nc6 8.d5 Ne7
9.Be3 Ng4 10.Bd2 f5 11.exf5 gxf5 12.Nh4 Nh6 13.f4 Ng6 14.Nxg6 hxg6 15.fxe5 Bxe5
16.g3 Nf7 17.Be3 Bd7 18.Qd2 Qe7 19.Rae1 Rae8 20.Bd1 Qf6 21.c5 a6 22.Bb3 Kh7
23.Kg2 Qg7 24.h4 dxc5 25.Bxc5 Nd6 26.Be3 Bb5 27.Rf2 Bxc3 28.Qxc3 Qxc3 29.bxc3 Bc4
30.Bxc4 Nxc4 31.Rfe2 Nd6 32.Bf4 Rxe2+ 33.Rxe2 Re8 34.Rxe8 Nxe8 35.Kf3 Nd6
36.Ke3 Kg7 37.Kd4 Kf7 38.c4 b6 39.c5 Nb5+ 40.Kc4 bxc5 41.a4 Nd6+ 42.Kxc5 Nc8
43.Bxc7 Ke8 44.Kc6 Ne7+ 45.Kd6  1-0

[Event "TCh-GRE"]
[Site "Aghia Pelagia GRE"]
[Date "2004.07.07"]
[Round "5"]
[White "Chuchelov,V"]
[Black "Kotronias,V"]
[Result "1/2-1/2"]
[WhiteElo "2574"]
[BlackElo "2608"]

1.Nf3 Nf6 2.c4 g6 3.Nc3 Bg7 4.e4 d6 5.d4 O-O 6.Be2 e5 7.O-O Nc6 8.d5 Ne7
9.Nd2 a5 10.a3 Nd7 11.Rb1 f5 12.b4 Kh8 13.Qc2 Ng8 14.exf5 gxf5 15.f4 Ne7
16.Nf3 e4 17.Ne1 axb4 18.axb4 c6 19.dxc6 Nxc6 20.Nb5 d5 21.cxd5 Nd4 22.Nxd4 Bxd4+
23.Kh1 Nb6 24.Bb2 Bxb2 25.Qxb2+ Qf6 26.Nc2 Nxd5 27.Bc4 Qxb2 28.Rxb2 Nb6 29.Bb3 Rd8
30.Kg1 Rd3 31.Re1 Bd7 32.Kf2 Ba4 33.Be6 Re8 34.Ba2 Rd2+ 35.Re2 Rxe2+ 36.Kxe2 Bb5+
37.Kf2 Na4 38.Rb3 Rd8 39.Ke1 Bc4 40.Ra3 Bxa2 41.Rxa2 Nc3 42.Ra1 Rd3 43.Rc1 Kg7
44.Nd4 Kf6 45.Ne2 Nd5 46.b5 Rb3 47.Rc5 Ne3 48.g3 Rb2 49.Rc7 Rb1+ 50.Kd2 Nf1+
51.Kc2 Rxb5 52.Nc3 e3 53.Rxh7 Rc5 54.Rxb7 e2 55.Rb6+ Kf7 56.Rb7+ Kf6  1/2-1/2